| 000 | 00463nam a2200145Ia 4500 | ||
|---|---|---|---|
| 008 | 151015s9999 xx 000 0 und d | ||
| 020 | _a1884125042 | ||
| 050 | _aGV709.3.P33 1994 | ||
| 245 | _aPaciorek Michael J. | ||
| 250 | _a_Sports and Recreation for the Disabled (2 nd ed. ) / Michael J. Paciorek | ||
| 300 | _aNew York : Cooper, 1994 | ||
| 500 | _aIncludes index | ||
| 650 | _a_Sports and recreation for disabled | ||
| 700 | _a^d20130527 01:53:36^oanne | ||
| 999 |
_c4850 _d4850 |
||